| 000 | 01161cam a22003134a 4500 | ||
|---|---|---|---|
| 001 | 16569664 | ||
| 003 | OSt | ||
| 005 | 20150408114022.0 | ||
| 008 | 101207s2011 enka b 001 0 eng | ||
| 010 | _a 2010048625 | ||
| 020 | _a9781848212251 | ||
| 020 | _a1848212259 | ||
| 035 | _a(OCoLC)ocn670479689 | ||
| 040 |
_aDLC _cDLC _dYDX _dBTCTA _dYDXCP _dBWK _dCDX _dDLC |
||
| 042 | _apcc | ||
| 050 | 0 | 0 |
_aTK2731 _b.R37 2011 |
| 082 | 0 | 0 |
_a621.3136 _222 |
| 100 | 1 |
_aRazik, Hubert. _913255 |
|
| 245 | 1 | 0 |
_aHandbook of asynchronous machines with variable speed / _cHubert Razik. |
| 260 |
_aLondon : _bISTE ; _aHoboken, N.J. : _bWiley, _c2011. |
||
| 300 |
_axv, 409 p. : _bill ; _c24 cm. |
||
| 504 | _aIncludes bibliographical references and index. | ||
| 650 | 0 |
_aElectric machinery, Induction _xAutomatic control. _913256 |
|
| 650 | 0 |
_aElectric motors, Induction _xAutomatic control. _913257 |
|
| 650 | 0 |
_aElectric driving, Variable speed. _913258 |
|
| 856 | 4 | 2 |
_3Publisher description _uhttp://catdir.loc.gov/catdir/enhancements/fy1106/2010048625-d.html |
| 942 |
_2ddc _cBOOK |
||
| 999 |
_c22131 _d256631 |
||